[Event "45th Olympiad 2024"]
[Site "Budapest HUN"]
[Date "2024.09.14"]
[Round "4.33"]
[Board "4"]
[White "Munoz Sanchez, Miguel"]
[Black "Lopez Silva, Hugo"]
[Result "1/2-1/2"]
[WhiteElo "2181"]
[BlackElo "2379"]
[PlyCount "71"]
[EventDate "2024.09.11"]
[WhiteTeam "Ecuador"]
[BlackTeam "Chile"]
[WhiteTeamCountry "ECU"]
[BlackTeamCountry "CHI"]

1. e4 e5 2. Nf3 Nc6 3. d4 exd4 4. Nxd4 Bc5 5. Nb3 Bb6 6. Nc3 Nge7 7. Qe2 O-O 8. Be3 f5 9. exf5 ({RR} 9. O-O-O f4 10. Bxb6 axb6 11. f3 d6 12. a3 Be6 13. Qd2 Bxb3 14. cxb3 Ne5 15. Kb1 Rf6 16. Bc4+ Kh8 17. Rhe1 c6 18. Bf1 b5 19. Ne2 Qf8 20. Nd4 Qf7 21. Qc3 Qg6 22. Nc2 Qh5 23. h3 Nf7 {½-½ Gabuzyan,H (2616)-Xiong,J (2712) Saint Louis Winter-A 2019 (3)}) ({RR} 9. Bxb6 axb6 10. O-O-O d6 11. Kb1 Be6 12. exf5 Bxf5 13. a3 Qd7 14. f3 Be6 15. Nd4 Nxd4 16. Rxd4 Nc6 17. Rd1 Ra5 18. Qe4 Re5 19. Qh4 Bf7 20. Bc4 Rfe8 21. Bxf7+ Qxf7 22. Qg3 Qe6 23. h4 b5 {0-1 Kamalidenova,M (2352)-Mungunzul,B (2224) FIDE World Bl Team Pool E 2024 (6.23)}) 9... Bxe3 10. Qxe3 Nxf5 11. Qd2 $146 ({RR} 11. Bc4+ Kh8 12. Qd2 Re8+ 13. Be2 a5 14. a4 Nb4 15. O-O-O d6 16. g4 Nh4 17. f4 Be6 18. Nd4 Bg8 19. f5 d5 20. Nf3 c5 21. Nxh4 Qxh4 22. Bf3 Rad8 23. Kb1 d4 24. Ne4 d3 25. cxd3 Rxd3 {½-½ Caspi,I (2489)-Kamsky,G (2674) Titled Tuesday intern op 11th Aug blitz 2020 (10)}) 11... a5 12. a4 d6 13. O-O-O Be6 14. f4 Kh8 15. g4 Bxb3 16. cxb3 Nfd4 17. Bc4 Qh4 18. h3 Rae8 19. Kb1 Nf3 20. Qc1 Ncd4 21. Bd5 Qg3 22. f5 Re5 23. Rd3 Rfe8 24. Bxf3 Nxf3 25. Ka2 Qg2 26. f6 gxf6 27. Qf4 Ne1 28. Rxe1 Rxe1 29. Qxf6+ Kg8 30. Rf3 R1e6 31. Qf7+ Kh8 32. Nd5 Qc2 33. Nxc7 Re1 34. Qf6+ Kg8 35. Qf7+ Kh8 36. Qf6+ 1/2-1/2

[Event "45th Olympiad 2024"]
[Site "Budapest HUN"]
[Date "2024.09.14"]
[Round "4.34"]
[Board "3"]
[White "Mertens, Marc"]
[Black "Wafa, Hamed"]
[Result "0-1"]
[WhiteElo "2120"]
[BlackElo "2368"]
[PlyCount "118"]
[EventDate "2024.09.11"]
[WhiteTeam "Luxembourg"]
[BlackTeam "Egypt"]
[WhiteTeamCountry "LUX"]
[BlackTeamCountry "EGY"]

1. e4 e5 2. Nf3 Nc6 3. Bb5 a6 4. Ba4 Nf6 5. O-O d6 6. Re1 Bd7 7. c3 g6 8. d4 Bg7 9. dxe5 Nxe5 10. Nxe5 dxe5 11. Bxd7+ Qxd7 12. Qxd7+ Nxd7 13. Be3 O-O-O ({RR} 13... f5 14. f3 Kf7 15. Nd2 Ke6 16. a4 b5 17. Nb3 bxa4 18. exf5+ gxf5 19. Nd4+ Kf6 20. Nc6 Rhe8 21. Rxa4 Nb6 22. Rh4 Kg6 23. g4 Re6 24. gxf5+ Kxf5 25. Rh5+ Kg6 26. Rg5+ Kf7 27. Bxb6 Rxc6 28. Be3 {0-1 Kovalev,V (2561)-Abdusattorov,N (2766) Chess.com Classic Play-In 2024 (3.13)}) 14. Na3 Bf8 $146 ({RR} 14... Nf8 15. Rad1 Ne6 16. Nc4 Rxd1 17. Rxd1 Rd8 18. Rxd8+ Nxd8 19. Kf1 Kd7 20. Ke2 f6 21. f3 Ne6 22. g3 Bf8 23. Bf2 Bc5 24. Be3 b5 25. Bxc5 Nxc5 26. Ne3 c6 27. b3 Ke6 28. Nd1 Nd7 29. Nf2 {½-½ Barcza,G-Gereben,E HUN-ch08 Budapest 1952 (9)}) ({RR} 14... b5 15. Nc2 Kb7 16. a4 Nb6 17. axb5 axb5 18. Ra5 c6 19. Rea1 Nc8 20. g3 Bf8 21. Bg5 Re8 22. c4 bxc4 23. Bf6 Rg8 24. Bxe5 c5 25. f4 Re6 26. Ra8 Bd6 27. Ne3 Bxe5 28. fxe5 Rxe5 29. Nxc4 {½-½ Jackson,E (2156)-Eugene,F (2427) SixDays July IMA 2024 (7.3)}) ({RR} 14... f5 15. Bg5 Rde8 16. f3 Nc5 17. Rad1 fxe4 18. fxe4 Rhf8 19. Nc4 Rf7 20. Rd5 b6 21. Be3 Na4 22. Rd2 b5 23. Na5 Bf8 24. g3 Re6 25. Red1 Rd6 26. Rxd6 Bxd6 27. Rd2 Rf3 28. Bf2 Nc5 29. Re2 {½-½ Kvaloy,A (2457)-Blomqvist,E (2488) Riga Tech Open A 2023 (9.2)}) ({RR} 14... f5 15. Nc4 f4 16. Bc1 Nc5 17. f3 Rd7 18. b3 b5 19. Na5 Nd3 20. Rd1 c5 21. Kf1 Kc7 22. b4 c4 23. a4 Rhd8 24. Ba3 Bf6 25. Ra2 Bh4 26. Rad2 Bf2 27. Ke2 Be3 28. Ra2 Nf2 29. Rxd7+ {0-1 Babazada,K (2474)-Grandelius,N (2660) ChessKid Cup Play-In 2023 (3.30)}) 15. Nc4 b5 16. Na5 Nc5 17. Nc6 Re8 18. Bxc5 Bxc5 19. Rad1 Re6 20. Na5 Rf6 21. Re2 Bb6 22. Nb3 g5 23. Kf1 g4 24. Rd3 h5 25. Ke1 h4 26. Nd2 Rhh6 27. f3 Rf4 28. fxg4 Rxg4 29. Rf3 f6 30. h3 Rg7 31. Rd3 Rd7 32. Rxd7 Kxd7 33. Nf3 Ke6 34. Nh2 Bc5 35. Ng4 Rg6 36. Rd2 Rg8 37. Rd5 Bb6 38. Rd3 Bc5 39. Rd5 Be7 40. Ke2 c6 41. Rd3 a5 42. Rf3 b4 43. Kd3 Rb8 44. Kc2 a4 45. c4 Rd8 46. Rd3 f5 47. exf5+ Kxf5 48. Rf3+ Ke6 49. Re3 Bd6 50. c5 Bc7 51. Re4 Rd4 52. Rxd4 exd4 53. Kd3 Kd5 54. Nh6 Kxc5 55. Nf5 Bd8 56. Nxd4 Bf6 57. Nf3 Bxb2 58. Nxh4 b3 59. axb3 a3 0-1

[Event "45th Olympiad 2024"]
[Site "Budapest HUN"]
[Date "2024.09.14"]
[Round "4.35"]
[Board "1"]
[White "Sadorra, Julio Catalino"]
[Black "Bagheri, Amir"]
[Result "1-0"]
[WhiteElo "2542"]
[BlackElo "2372"]
[PlyCount "101"]
[EventDate "2024.09.11"]
[WhiteTeam "Philippines"]
[BlackTeam "Monaco"]
[WhiteTeamCountry "PHI"]
[BlackTeamCountry "MNC"]

1. d4 Nf6 2. c4 e6 3. Nc3 Bb4 4. e3 d5 5. a3 Bxc3+ 6. bxc3 c5 7. cxd5 Nxd5 ({RR} 7... Qxd5 8. Nf3 O-O 9. Be2 Nc6 10. O-O b6 11. Bd3 Bb7 12. e4 Qh5 13. h3 Na5 14. Re1 Rac8 15. Rb1 h6 16. Qe2 Nd7 17. Bf4 Rfe8 18. Bb5 Bc6 19. Ba6 Rcd8 20. Bc7 Ra8 21. Bg3 Rad8 22. Bd3 {1-0 Le,Q (2714)-Dragun,K (2578) Bay Area op Burlingame 2019 (8)}) 8. Qc2 ({RR} 8. c4 Nf6 9. Nf3 cxd4 10. exd4 O-O 11. Bd3 b6 12. O-O Bb7 13. Bb2 Nc6 14. Re1 Qd7 15. d5 exd5 16. Bxf6 gxf6 17. cxd5 Ne7 18. Nd4 Rad8 19. Rxe7 Qxe7 20. Nf5 Qe5 21. Qg4+ {1-0 Grigoriants,S (2536)-Alavkin,A (2367) Titled Tue 2nd Jul Late 2024 (2)}) 8... Nd7 $146 ({RR} 8... f5 9. Nf3 Nc6 10. Bd3 O-O 11. O-O Kh8 12. Rd1 Qe7 13. a4 b6 14. e4 fxe4 15. Bxe4 h6 16. dxc5 bxc5 17. Ba3 Bb7 18. Rab1 Rf4 19. Bxd5 exd5 20. Bxc5 Qxc5 21. Rxb7 Raf8 22. Rb5 Qc4 23. Rbxd5 {0-1 Colon Romero,M-Chipev,T Olympiad-15 Final C 1962 (3)}) ({RR} 8... Nc6 9. Nf3 Bd7 10. Bd3 Nf6 11. O-O O-O 12. e4 cxd4 13. cxd4 h6 14. Bb2 Rc8 15. Qe2 Nh7 16. Rad1 Ng5 17. Nxg5 Qxg5 18. f4 Qh4 19. e5 Ne7 20. Be4 Bc6 21. Bc3 Nd5 22. Be1 Nxf4 23. Qe3 {0-1 Gutierrez Coll,J-Oliver Font,J Binissalem op 15th 2002 (7)}) ({RR} 8... cxd4 9. exd4 Nc6 10. Nf3 Qc7 11. c4 Nde7 12. Bd3 h6 13. O-O O-O 14. Bb2 Qa5 15. Bc3 Qh5 16. Rfe1 Bd7 17. Rab1 b6 18. Rb5 f5 19. d5 Nd8 20. Rb2 Ng6 21. Ne5 Nxe5 22. Rxe5 Nf7 23. Re3 {½-½ Pankovic,J (2043)-Kopnicky,F (1995) SVK-chT2D 0708 2007 (4.57)}) 9. e4 Ne7 10. Nf3 b6 11. Bd3 Bb7 12. O-O O-O 13. Bf4 Rc8 14. Qe2 Ng6 15. Be3 Qc7 16. g3 Nf6 17. Nd2 Rfd8 18. f3 Qe7 19. a4 cxd4 20. cxd4 Qc7 21. a5 Ne7 22. axb6 axb6 23. Rab1 Nd7 24. Nc4 Ba6 25. Rfc1 Bxc4 26. Bxc4 Qd6 27. Qb2 Ng6 28. Bb5 Ndf8 29. Kg2 Rxc1 30. Rxc1 Ne7 31. Be2 Nc6 32. Rc4 Na5 33. Rc2 h6 34. Qb5 Ng6 35. h4 Qb8 36. h5 Ne7 37. g4 f6 38. Rb2 Nac6 39. Qc4 Kf7 40. f4 Qc8 41. Rxb6 Kf8 42. Qc5 Qa8 43. Kf2 Rc8 44. Ra6 Qb7 45. Qa3 Qb1 46. d5 exd5 47. exd5 Nb4 48. d6 Ned5 49. d7 Rd8 50. Ra8 Ke7 51. Bc5+ 1-0

[Event "45th Olympiad 2024"]
[Site "Budapest HUN"]
[Date "2024.09.14"]
[Round "4.36"]
[Board "1"]
[White "Khusenkhojaev, Mustafokhuja"]
[Black "Galaviz Medina, Sion Radamantys"]
[Result "1/2-1/2"]
[WhiteElo "2283"]
[BlackElo "2488"]
[PlyCount "94"]
[EventDate "2024.09.11"]
[WhiteTeam "Tajikistan"]
[BlackTeam "Mexico"]
[WhiteTeamCountry "TJK"]
[BlackTeamCountry "MEX"]

1. d4 {Sadorra,Julio} Nf6 2. c4 e6 3. g3 d5 4. Nf3 Be7 5. Bg2 O-O 6. Nc3 dxc4 7. Ne5 Nc6 8. Bxc6 bxc6 9. Nxc6 Qd7 10. Nxe7+ Qxe7 11. Qa4 c5 12. dxc5 Qxc5 13. Be3 Qc7 14. O-O-O Ng4 ({RR} 14... Bd7 15. Qa3 Rfc8 16. f3 a5 17. Rd2 Be8 18. Rhd1 Qb7 19. Bc5 Bc6 20. Rd4 Nd7 21. Be7 Nb6 22. e4 h6 23. Bc5 Nd7 24. Bd6 Bb5 25. g4 Ra6 26. h4 Rac6 27. Qxa5 Rb6 28. Nxb5 Rxb5 29. Qc3 {0-1 Ben Ari,Y (2437)-Tifferet,S (2307) TCh-ISR 2024 (7.14)}) 15. Rd2 ({RR} 15. Rd4 Nxe3 16. fxe3 Rb8 17. Rhd1 ({RR} 17. Rxc4 Qb7) 17... e5 18. Rxc4 Qb6) 15... Nxe3 16. fxe3 Qc5 ({RR} 16... Rb8 17. Rhd1 a5 ({RR} 17... e5 18. Nd5 Qb7 19. Qc6 Be6 20. Qxb7 Rxb7 21. Nc3) 18. Kb1 h6 19. Ka1 Rb4 20. Qc2 Rb8 ({RR} 20... Bb7 21. Rd7 Qb6 ({RR} 21... Qe5 22. Qd2) ({RR} 21... Qc5 22. Qd2) 22. Qd2) 21. Qe4 Bb7 22. Qd4 Ba8 23. e4 ({RR} 23. Qd6 Qa7) 23... Rfc8 24. Qf2 ({RR} 24. e5 Qb7 ({RR} 24... Qe7 25. h4) 25. Qf4 Qb6 26. h4) 24... Bc6 25. Qc5 Be8 26. Qxc7 Rxc7 27. Rd6 ({RR} 27. Rd8 Rcc8 28. Rxc8 Rxc8 29. Rd6) 27... Kf8 28. Ra6 Rc5 29. Ra7 Rbc8 30. Kb1 Rh5 31. h4 {1-0 Caruana,F (2822)-Nakamura,H (2777) Sinquefield Cup 6th 2018 (4)}) 17. Rhd1 $146 ({RR} 17. e4 Rb8 18. Rhd1 Bb7 19. Qd7 h6 20. Qd6 Qa5 21. Rd4 Rfc8 22. Qe7 Bc6 23. R1d2 e5 24. Rxc4 Bxe4 25. Rd7 Bg6 26. Rdc7 Rd8 27. Qc5 Qa6 28. Qc6 Rb6 29. Qa4 Rf6 30. b3 Qd6 31. Kb2 Qd2+ {0-1 Barseghyan,H (2519)-Gatineau,Y (2363) FRA-ch Accession 2019 (2)}) ({RR} 17. e4 Rb8 18. Rhd1 h6 19. Rd4 e5 20. Qxc4 Qb6 21. R4d2 Be6 22. Nd5 Bxd5 23. Qxd5 Rbc8+ 24. Kb1 Rfd8 25. Qb3 Rxd2 26. Rxd2 Qg1+ 27. Rd1 Qxh2 28. Qf3 Qh3 29. a3 {½-½ Shimanov,A (2581)-Isanzhulov,A (2408) Vladimir Dvorkovich Open 2023 (3.3)}) 17... Rb8 18. Rd8 Qxe3+ 19. Kc2 Bb7 20. Rxf8+ Rxf8 21. Qxc4 h5 22. Qd4 Qxd4 23. Rxd4 f5 24. b4 e5 25. Rd6 Bc8 26. Rd5 Re8 27. e3 h4 28. Kd2 hxg3 29. hxg3 Kh7 30. Rc5 a6 31. Na4 Bb7 32. Nb6 Be4 33. Nc4 Rd8+ 34. Ke1 Rd3 35. Rxe5 Rc3 36. Nd2 Rxe3+ 37. Kf2 Ra3 38. Nxe4 Rxa2+ 39. Kf3 fxe4+ 40. Rxe4 Kg6 41. Re5 Ra4 42. b5 axb5 43. Rxb5 Kf6 44. Rc5 g6 45. g4 Rb4 46. Kg3 g5 47. Rc6+ Ke5 1/2-1/2

[Event "45th Olympiad 2024"]
[Site "Budapest HUN"]
[Date "2024.09.14"]
[Round "4.36"]
[Board "4"]
[White "Palma Villanueva, Miguel Tadeo"]
[Black "Kabilov, Amin"]
[Result "0-1"]
[WhiteElo "2266"]
[BlackElo "2212"]
[PlyCount "118"]
[EventDate "2024.09.11"]
[WhiteTeam "Mexico"]
[BlackTeam "Tajikistan"]
[WhiteTeamCountry "MEX"]
[BlackTeamCountry "TJK"]

1. e4 c5 2. Nf3 d6 3. d4 cxd4 4. Qxd4 Nc6 5. Bb5 Bd7 6. Bxc6 Bxc6 7. c4 Nf6 8. Nc3 g6 9. O-O Bg7 10. Qd3 ({RR} 10. h3 O-O 11. Qd3 Rc8 12. Be3 a6 13. Rac1 Nd7 14. b3 Qa5 15. Bd4 b5 16. Bxg7 Kxg7 17. cxb5 axb5 18. Nd4 Ne5 19. Qg3 b4 20. Nf5+ Kh8 21. Nxe7 bxc3 22. Nxc8 Rxc8 23. Qxc3 Qxc3 24. Rxc3 Ra8 {1-0 Postny,E (2597)-Golubovic,E (2025) Titled Tue 13th Feb Early 2024 (2)}) 10... Nd7 ({RR} 10... Ng4 11. h3 Ne5 12. Nxe5 Bxe5 13. Bh6 Qb6 14. Rab1 Rc8 15. Rfc1 Bd7 16. Nd5 Qd4 17. Qe2 f5 18. Be3 Qxe4 19. f3 Qh4 20. f4 e6 21. fxe5 exd5 22. e6 Ba4 23. b3 Qe4 24. Qd2 Bc6 25. cxd5 {1-0 Socko,B (2643)-Sutovsky,E (2657) EU-ch 11th playoffs rapid 2010 (2.1)}) 11. Rb1 $146 ({RR} 11. Nd4 Nc5 12. Qe3 O-O 13. b3 Qb6 14. Bb2 Ne6 15. Nce2 Rfe8 16. Rab1 Nxd4 17. Bxd4 Bxd4 18. Nxd4 e5 19. Nxc6 Qxe3 20. Ne7+ Rxe7 21. fxe3 {½-½ Belikov,V (2415)-Malisauskas,V (2505) Katowice op 1991 (6)}) ({RR} 11. Be3 Qa5 12. Bd4 Ne5 13. Nxe5 dxe5 14. Be3 O-O 15. Nd5 Bxd5 16. Qxd5 Qxd5 17. cxd5 Rfc8 18. Rfc1 a6 19. b3 Kf8 20. Rc4 Ke8 21. Rac1 Kd7 22. Kf1 Bf8 23. Ke2 e6 24. dxe6+ fxe6 25. Rxc8 Rxc8 {½-½ Sahovic,D-Gliksman,D YUG-chT 21st 1969 (2.4)}) ({RR} 11. Be3 O-O 12. b4 Ne5 13. Nxe5 Bxe5 14. f3 Bxc3 15. Qxc3 f6 16. Rfd1 Qc7 17. Rac1 b6 18. Qb3 Kg7 19. c5 dxc5 20. bxc5 b5 21. Qe6 Rac8 22. Rd3 Rfd8 23. Rcd1 Rxd3 24. Rxd3 Be8 25. g3 a5 {½-½ Sarquis,M (2052)-Mendieta,E ARG-ch (Women) 2003 (5)}) 11... a5 12. b3 O-O 13. Bb2 Nc5 14. Qe3 e6 15. Nd4 Qe7 16. Ba3 Rac8 17. Bxc5 dxc5 18. Nxc6 Rxc6 19. e5 f6 20. f4 fxe5 21. fxe5 Rcc8 22. Nb5 Rxf1+ 23. Rxf1 Rd8 24. Kh1 Rf8 25. Rf3 Rf5 26. Rxf5 exf5 27. e6 Bf6 28. h3 b6 29. a3 Kg7 30. Nc3 Bxc3 31. Qxc3+ Qf6 32. Qe1 Kf8 33. b4 axb4 34. axb4 Ke7 35. bxc5 bxc5 36. Qa5 Qd4 37. Qc7+ Kxe6 38. Qxh7 Qd1+ 39. Kh2 Qd6+ 40. Kh1 Ke5 41. Qh4 Qd3 42. Qh8+ Ke4 43. Qa8+ Ke5 44. Qh8+ Ke4 45. Qa8+ Kf4 46. Qb8+ Kg5 47. Qe5 Qf1+ 48. Kh2 Qf4+ 49. Qxf4+ Kxf4 50. g3+ Ke3 51. Kg2 Kd4 52. Kf3 Kxc4 53. Kf4 Kd5 54. Kg5 c4 55. Kxg6 c3 56. h4 c2 57. h5 c1=Q 58. h6 Ke6 59. h7 Qc3 0-1

[Event "45th Olympiad 2024"]
[Site "Budapest HUN"]
[Date "2024.09.14"]
[Round "4.38"]
[Board "2"]
[White "Kulpruethanon, Thanadon"]
[Black "Stojanovic, Dalibor"]
[Result "0-1"]
[WhiteElo "2286"]
[BlackElo "2448"]
[PlyCount "190"]
[EventDate "2024.09.11"]
[WhiteTeam "Thailand"]
[BlackTeam "Bosnia & Herzegovina"]
[WhiteTeamCountry "THA"]
[BlackTeamCountry "BIH"]

1. d4 {Marin,Mihail} Nf6 2. c4 g6 3. Nc3 Bg7 4. e4 d6 5. Be2 O-O 6. Be3 Nbd7 7. Nf3 e5 8. O-O Re8 9. d5 Nh5 10. g3 Bf8 11. Nd2 ({RR} 11. Ne1 Ng7 12. Nd3 f5 13. f3 Be7 14. Qd2 Nf6 ({RR} 14... Rf8) 15. c5 ({RR} 15. Bh6 fxe4 ({RR} 15... Rf8 16. c5 Kh8 17. cxd6 cxd6 18. Rfc1 Bd7 19. a4 a6 20. a5 Ng8 21. Be3 Rc8) 16. fxe4 Ng4 ({RR} 16... Bh3 17. Rxf6 Bxf6 18. g4) 17. Bxg4 Bxg4 18. Kg2 ({RR} 18. Nf2) 18... Rf8 19. h3 Bd7 20. g4) 15... fxe4 ({RR} 15... Rf8 16. cxd6 cxd6 17. exf5 Nxf5 18. Bf2 Nd4) 16. fxe4 Bh3 ({RR} 16... Ng4 17. Bxg4 Bxg4 18. Rfc1 ({RR} 18. Rac1) 18... Rf8) 17. cxd6 cxd6 18. Rfc1 ({RR} 18. Rf2 Rc8 ({RR} 18... Qd7 19. Rxf6 Bxf6 20. Nf2)) ({RR} 18. Rxf6 Bxf6 19. g4 h5) 18... Ng4 19. Bxg4 Bxg4 20. Nb5 Rf8 21. Rc3 ({RR} 21. Nxa7 h5 22. Nb5 h4 23. Nf2 Bf3 24. Nc7 ({RR} 24. Bh6 Rf7 25. Nc7) 24... Rc8 25. Ne6 Nxe6 26. dxe6 Rxc1+ 27. Rxc1 d5) 21... a6 22. Nc7 Rc8 23. Rac1 Qd7 24. Nf2 Bd8 25. Qc2 ({RR} 25. Nb5 Rxc3 ({RR} 25... Ba5 26. Nxg4 Qxg4 27. Nxd6) 26. Nxc3 Bf3) 25... Rf3 {0-1 Gelfand,B (2737)-Radjabov,T (2735) Corus Wijk aan Zee 2008 (11)}) 11... Ng7 12. g4 ({RR} 12. b4 Be7 13. c5 f5 14. Nc4 Nf6 15. f3 fxe4 16. fxe4 Bh3 17. Rf2 b6 18. a4 Qc8 19. Rc1 Ng4 20. Bxg4 Bxg4 21. Qd3 Qd8 22. a5 bxc5 23. bxc5 Bg5 24. cxd6 cxd6 25. Nb5 Be7 26. Nxa7 Rf8 {1-0 Barria Zuniga,D (2341)-Ventura Bolet,M (2247) Titled Tue 12th Mar Early 2024 (3)}) 12... Be7 13. Nf3 $146 ({RR} 13. f3 Bg5 14. Bf2 Bh4 15. Qe1 Bxf2+ 16. Qxf2 a5 17. Kh1 Nc5 18. f4 exf4 19. Qxf4 Qe7 20. Rf2 Bd7 21. Raf1 Rf8 22. h4 Rae8 23. h5 g5 24. Qe3 h6 25. Rf6 Kh7 26. Qf2 b6 27. Rxf7 Rxf7 {½-½ Saravanan,V (2408)-Naroditsky,D (2425) Hoogeveen Unive op 2010 (9)}) 13... Nf6 14. Ne1 h5 15. f3 Nh7 16. Ng2 Rf8 17. Kh1 hxg4 18. fxg4 f5 19. exf5 gxf5 20. gxf5 Bxf5 21. Bd3 Qd7 22. Bh6 Bg5 23. Bxg7 Kxg7 24. Bxf5 Rxf5 25. Rg1 Kh8 26. Ne4 Qf7 27. Qe2 Be7 28. Raf1 Rg8 29. Ng3 Rf6 30. Rxf6 Bxf6 31. Rf1 Qg6 32. Qe4 Qh6 33. Ne3 Qh3 34. Qg2 Qxg2+ 35. Nxg2 Bg5 36. Ne4 Kg7 37. h4 Bh6 38. Kh2 Rd8 39. Kh3 a5 40. Kg4 Rg8 41. Kh5 Rh8 42. Kg4 Rg8 43. Kh3 b6 44. Rf3 Rh8 45. Rf1 Rg8 46. Ne1 Rh8 47. Nd3 Re8 48. Rf3 Kg6 49. Kg4 Kg7 50. Kh5 Rh8 51. Kg4 Re8 52. Ndf2 Bf4 53. Nh3 Bc1 54. b3 Rg8 55. Rf5 Kh6+ 56. Kf3 Kg6 57. Kg4 Kh6+ 58. Kf3 Kg6 59. Kg4 Kh6+ 60. Nhg5 Bxg5 61. hxg5+ Kg6 62. Nc3 Re8 63. a3 Re7 64. b4 axb4 65. axb4 Re8 66. Nb5 Re7 67. Nc3 Re8 68. Ne4 Ra8 69. Rf1 Ra2 70. Rh1 Nxg5 71. Nxg5 Rg2+ 72. Kf3 Rxg5 73. Rh8 Rf5+ 74. Ke3 Rf4 75. c5 bxc5 76. bxc5 Rd4 77. Rc8 Rxd5 78. c6 Rc5 79. Rxc7 Kf6 80. Rc8 Ke6 81. Kd3 Kd5 82. c7 Kc6 83. Ke4 Kd7 84. Rh8 Kxc7 85. Kf5 Kc6 86. Rh1 Rc4 87. Ke6 Kc5 88. Rd1 Rd4 89. Rc1+ Kb4 90. Kf5 e4 91. Kf4 d5 92. Ke3 Rd3+ 93. Ke2 Rc3 94. Ra1 d4 95. Kd2 Rg3 0-1

[Event "45th Olympiad 2024"]
[Site "Budapest HUN"]
[Date "2024.09.14"]
[Round "4.38"]
[Board "3"]
[White "Culum, Sanjin"]
[Black "Teerapabpaisit, Wisuwat"]
[Result "1-0"]
[WhiteElo "2409"]
[BlackElo "2070"]
[PlyCount "133"]
[EventDate "2024.09.11"]
[WhiteTeam "Bosnia & Herzegovina"]
[BlackTeam "Thailand"]
[WhiteTeamCountry "BIH"]
[BlackTeamCountry "THA"]

1. e4 c5 2. Nf3 e6 3. d4 cxd4 4. Nxd4 a6 5. c4 Nf6 6. Nc3 Qc7 7. a3 Nc6 8. Be3 Ne5 9. Be2 d6 10. Rc1 b6 ({RR} 10... Be7 11. O-O Bd7 12. b4 O-O 13. Nb3 Rac8 14. c5 dxc5 15. f4 Ng6 16. e5 Nd5 17. Nxd5 exd5 18. Nxc5 Bc6 19. Bd4 Rfe8 20. Bg4 Rcd8 21. Na4 Nxf4 22. Rxf4 Bg5 23. Rf5 Bxc1 24. Qxc1 Qe7 25. Nb6 {1-0 Laurusas,T (2563)-Barwinska,E (2035) 48th Sitges Open 2024 (3.15)}) 11. O-O Bb7 12. f4 $146 ({RR} 12. f3 Be7 13. b4 O-O 14. Qb3 Rfe8 15. Rfd1 Rac8 16. Na4 Ned7 17. Nc2 Qb8 18. Bf4 Nh5 19. Be3 Nhf6 20. Ne1 d5 21. exd5 Bd6 22. g3 exd5 23. Rc2 Bxg3 24. hxg3 Qxg3+ 25. Kf1 Rxe3 26. Qxe3 Ng4 {0-1 Tonoli,B (2183)-Cappon,J (2222) BEL-chT 0809 2008 (9)}) ({RR} 12. f3 Rc8 13. b4 Be7 14. Na4 O-O 15. Nb3 Ned7 16. Qe1 Bc6 17. b5 Ba8 18. bxa6 Nc5 19. Nbxc5 bxc5 20. Nc3 Qa7 21. Nb5 Qxa6 22. Qg3 Rfd8 23. Rcd1 d5 24. exd5 exd5 25. cxd5 Nxd5 26. Nc3 Qxa3 {0-1 Cherepanova,E (1737)-Antonova,N (1913) Moscow op (Women) 16th 2020 (5)}) 12... Ned7 13. Bf3 h5 14. f5 e5 15. Nd5 Qd8 16. Ne6 fxe6 17. fxe6 Bxd5 18. exd7+ Qxd7 19. cxd5 b5 20. Bb6 Qb7 21. Ba5 Qa7+ 22. Kh1 Be7 23. Rc7 Qe3 24. Qc2 Kf7 25. Bd2 Qb6 26. Bg5 Ra7 27. Rc6 Qd8 28. Qe2 g6 29. Qf2 Ra8 30. Qg3 Kg7 31. Be3 Qd7 32. Rfc1 Bd8 33. Bg5 Rf8 34. Bxf6+ Rxf6 35. Bxh5 Qa7 36. Bf3 Qd4 37. Qg4 Ra7 38. Rc8 Qe3 39. Rf1 Be7 40. h3 Qf4 41. Qxf4 Rxf4 42. Rfc1 Rf8 43. R1c7 Rxc8 44. Rxa7 Kf8 45. Rxa6 Rc2 46. b4 Ra2 47. Kh2 Bg5 48. Kg3 Ke7 49. Ra5 Be3 50. Kg4 Bc1 51. Rxb5 Rxa3 52. Rb7+ Kf6 53. Rd7 Ra6 54. Rc7 Be3 55. Rc6 Rb6 56. h4 Ke7 57. Rxb6 Bxb6 58. Kg5 Kf7 59. Kh6 Bf2 60. h5 Be3+ 61. Kh7 gxh5 62. Bxh5+ Kf6 63. Kg8 Bd2 64. b5 Ke7 65. Kg7 Bf4 66. g4 Bd2 67. Kg6 1-0

[Event "45th Olympiad 2024"]
[Site "Budapest HUN"]
[Date "2024.09.14"]
[Round "4.38"]
[Board "4"]
[White "Arunnuntapanich, Tinnakrit"]
[Black "Marjanovic, Dejan"]
[Result "1-0"]
[WhiteElo "2064"]
[BlackElo "2365"]
[PlyCount "83"]
[EventDate "2024.09.11"]
[WhiteTeam "Thailand"]
[BlackTeam "Bosnia & Herzegovina"]
[WhiteTeamCountry "THA"]
[BlackTeamCountry "BIH"]

1. d4 d5 2. c4 dxc4 3. e3 e5 4. Bxc4 Nc6 5. Nf3 e4 6. Nfd2 Qg5 7. Nxe4 Qxg2 8. Ng3 Nf6 9. Bf1 Qd5 10. Nc3 Bb4 11. Bd2 Qd8 12. Bg2 O-O 13. Qc2 $146 ({RR} 13. a3 Be7 14. O-O Be6 15. Nce4 Nxe4 16. Nxe4 Qd7 17. Rc1 Bh3 18. Qf3 Bxg2 19. Qxg2 Rae8 20. b4 f5 21. Nc5 Bxc5 22. Rxc5 Re6 23. Kh1 Rg6 24. Qd5+ Qxd5+ 25. Rxd5 Rd6 26. Rc5 Rf7 27. Rfc1 Rdd7 {0-1 Parligras,M (2567)-Alekseenko,K (2687) Titled Tue 15th Nov Early 2022 (4)}) ({RR} 13. O-O Be6 14. Rc1 Qd7 15. a3 Bxc3 16. bxc3 Bh3 17. e4 Bxg2 18. Kxg2 Ne7 19. Bg5 Qc6 20. d5 Qa6 21. c4 Ng6 22. f4 h6 23. Bxf6 Qxf6 24. e5 Nxf4+ 25. Kh1 Qxe5 26. Qf3 Ng6 27. Rce1 Qd4 {0-1 Kim,S (2295)-Ratkovic,M (2405) Titled Tuesday intern op 2nd Jan blitz 2018 (8)}) ({RR} 13. O-O Bd6 14. f4 Re8 15. h3 Bf8 16. Qf3 Nb4 17. a3 Na6 18. Rad1 c6 19. f5 Qb6 20. Bc1 Bd7 21. Kh1 Rad8 22. b4 Nd5 23. Nce2 Nac7 24. e4 Nf6 25. Bg5 Be7 26. Bxf6 gxf6 27. Qh5 Bf8 {1-0 Peralta,F (2580)-Baches Garcia,G (2331) Catalunya-chT Gp1 final 2016 (4.4)}) 13... Re8 14. O-O-O Bf8 15. a3 a5 16. d5 Ne5 17. e4 Bg4 18. Rde1 Bf3 19. Bxf3 Nxf3 20. Re3 Nxd2 21. Qxd2 g6 22. f4 c6 23. Rd3 Bh6 24. Re1 Qc8 25. d6 Qg4 26. Rf1 Rad8 27. Nf5 Qh5 28. Qg2 Bg7 29. Rh3 Qg4 30. Rg3 gxf5 31. Rxg4 Nxg4 32. Rg1 Bxc3 33. bxc3 Kh8 34. e5 Rg8 35. Qe2 Rg6 36. h3 Nh6 37. Rg5 Kg7 38. Qb2 Rd7 39. c4 Kf8 40. c5 Re6 41. a4 Rg6 42. Qc3 1-0

[Event "45th Olympiad 2024"]
[Site "Budapest HUN"]
[Date "2024.09.14"]
[Round "4.39"]
[Board "3"]
[White "Almiron, Antonio"]
[Black "Mendez Machado, Andre"]
[Result "1-0"]
[WhiteElo "2312"]
[BlackElo "2122"]
[PlyCount "141"]
[EventDate "2024.09.11"]
[WhiteTeam "Paraguay"]
[BlackTeam "Panama"]
[WhiteTeamCountry "PAR"]
[BlackTeamCountry "PAN"]

1. d4 Nf6 2. c4 e6 3. Nf3 d5 4. Nc3 Bb4 5. Qa4+ Nc6 6. e3 O-O 7. Qc2 Re8 8. Bd2 a6 9. a3 Bf8 10. Be2 b6 11. cxd5 exd5 12. O-O Bb7 13. Bd3 Bd6 14. h3 $146 ({RR} 14. b4 Nb8 15. Rfb1 Ne4 16. b5 a5 17. a4 Nd7 18. Bc1 Qe7 19. Qb3 Ndf6 20. Ra2 Rac8 21. Ba3 Ng4 22. Bxd6 cxd6 23. Nd1 g6 24. Qa3 Ngf6 25. Rc1 Rxc1 26. Qxc1 Rc8 27. Rc2 Rxc2 28. Qxc2 Kg7 {½-½ Ding Liren (2745)-Caruana,F (2793) 11th Sinquefield Cup 2024 (4.2)}) ({RR} 14. b4 Nb8 15. b5 a5 16. a4 Nbd7 17. Bc1 Qe7 18. Qb3 Ne4 19. Nxd5 Qe6 20. Bc4 Qg6 21. Ba3 Qf5 22. Rfc1 Rac8 23. Bxd6 cxd6 24. Nf4 Rxc4 25. Rxc4 g5 26. Rc7 Ba8 27. Nd3 Bd5 28. Qc2 Ndf6 {1-0 Chatalbashev,B (2552)-Docx,S (2427) Ghent Eastman op 40th 2017 (9)}) ({RR} 14. b4 Nb8 15. Ne2 Nbd7 16. Ng3 g6 17. Bc3 Qe7 18. Rfc1 c6 19. Nd2 h5 20. Ngf1 Ne4 21. Bb2 h4 22. f3 Nxd2 23. Qxd2 Nf6 24. Re1 Nh5 25. e4 Bf4 26. Qf2 Qg5 27. e5 a5 28. Bc3 axb4 {½-½ Cramling,P (2452)-Haria,R (2490) Gibraltar Battle of the Sexes 2022 (3.2)}) 14... Nb8 15. b4 Nbd7 16. Qb3 Nf8 17. Rfc1 Ng6 18. Rc2 Ne4 19. Be1 Nf6 20. Bf1 h6 21. b5 a5 22. Kh1 Qd7 23. Bd3 Rad8 24. a4 Qe7 25. Bd2 Kh8 26. Bc1 Nf8 27. Ba3 Ng6 28. Bxd6 Rxd6 29. Bxg6 fxg6 30. Ne5 Nd7 31. Nd3 Nf6 32. Rac1 Rc8 33. Ne2 Kh7 34. Kg1 Ba8 35. Ne5 Ne8 36. Qd3 Rf6 37. Nf4 Qd6 38. Nexg6 Rxg6 39. Rc6 Bxc6 40. Rxc6 Kg8 41. Nxg6 Qd7 42. Ne5 Qe7 43. Ng6 Qf7 44. Qc2 Rd8 45. Nf4 Rd7 46. Nd3 Rd6 47. Ne5 Qe7 48. Rc3 Qe6 49. Qb3 Kh7 50. Nd3 Rd7 51. Rc6 Qe7 52. Nf4 Nf6 53. Qc2+ Kg8 54. Ne6 Ne8 55. Qg6 Rd6 56. Rxd6 Nxd6 57. Nf4 Qe4 58. Qxe4 dxe4 59. Nd5 Ne8 60. f3 exf3 61. gxf3 Kf7 62. Kf2 Ke6 63. e4 Kd7 64. Ke3 Nd6 65. Kd3 Nf7 66. h4 g5 67. h5 Nd8 68. Nf6+ Ke6 69. Ng4 Nf7 70. d5+ Ke7 71. e5 1-0